| 000 | 02547nam0a2200373 i 4500 | ||
|---|---|---|---|
| 001 | RU\NLR\BIBL_A\010730854 | ||
| 005 | 20260406105251.0 | ||
| 010 |
_a9785000890080 _9500 |
||
| 021 |
_aRU _b2015-14621 _9889 |
||
| 035 | _a(NILC)RuMoRGB-007883175 | ||
| 035 | _a(NLR Aleph) 010730854 | ||
| 090 |
_a9864021 _c9864021 |
||
| 100 | _a20150416d2014 km y0rusy50 ca | ||
| 101 | 0 | _arus | |
| 102 | _aRU | ||
| 105 | _ay|||j|||000yy | ||
| 200 | 1 |
_aДополнительное образование для детей с особыми образовательными потребностями _eучебное пособие для осуществления образовательной деятельности по направлению 44.03.01 (44.03.05) Педагогическое образование _fЛ. В. Байбородова, Е.Б. Кириченко, М.П. Кривунь [и др.] _gМ-во образования и науки Российской Федерации, ФГБОУ ВПО "Ярославский гос. пед. ун-т им. К. Д. Ушинского" |
|
| 210 |
_aЯрославль _cРедакционно-издательский отдел ФГБОУ ВПО "Ярославский государственный педагогический университет им. К.Д. Ушинского" _d2014 |
||
| 215 |
_a315 с. _d21 |
||
| 225 | 1 | _aСерия "Подготовка кадров сферы дополнительного образования детей" | |
| 320 | _aБиблиогр. в подстроч. примеч. | ||
| 606 | 1 |
_aДополнительное образование детей с ограниченными возможностями здоровья _jУчебные издания _92162843 _3RU\NLR\AUTH\6601538570 |
|
| 606 |
_aДополнительное образование детей _jУчебные издания _92087679 _3RU\NLR\AUTH\661263852 |
||
| 610 | 0 | _aдети с особыми образовательными потребностями | |
| 686 | 1 | _aЧ430.138.7я7 | |
| 686 | 1 | _aЧ421.387я7 | |
| 701 | 1 |
_8rus _7ca _aБайбородова _bЛ. В. _f1952- _cд-р пед. наук _gЛюдмила Васильевна _3RU\NLR\AUTH\77100504 _983430 |
|
| 701 | 0 |
_aКириченко _bЕ. Б. _gЕлена Борисовна |
|
| 701 | 1 |
_aКривунь _bМ.П. _gМария Павловна |
|
| 801 | 0 |
_aRU _bРГБ _c20150310 _gRCR |
|
| 942 | _cBOOK | ||
| 980 | _aNBR | ||